[Event "Reykjavik Open 2016"]
[Site "Reykjavik ISL"]
[Date "2016.03.09"]
[Round "3.108"]
[White "Ontiveros, John"]
[Black "Kristbergsson, Bjorgvin"]
[Result "1-0"]
[WhiteElo "1729"]
[BlackElo "1100"]
[WhiteFideId "2303981"]
[BlackFideId "2305232"]
[EventDate "2016.03.08"]

1. d4 c6 2. c4 e6 3. Nf3 h6 4. e4 Nf6 5. Nc3 Bb4 6. Bd3 O-O 7. O-O d5 8. e5 Nh7
9. Qc2 g6 10. Bxh6 Re8 11. Bxg6 Re7 12. Bxh7+ Kh8 13. Bg5 Nd7 14. Bxe7 Qxe7 15.
cxd5 cxd5 16. h4 Bxc3 17. bxc3 f6 18. Bd3 f5 19. Ng5 Nf8 20. f3 Ng6 21. Qf2 Qg7
22. g4 Nf4 23. Qe3 Nxd3 24. Qxd3 Bd7 25. Rf2 Rf8 26. Raf1 a6 27. Qd2 Bb5 28.
Nxe6 Qh7 29. Nxf8 Qg7 30. Ne6 Qg6 31. Nf4 Qg7 32. Nxd5 Bxf1 33. Kxf1 1-0

[Event "Reykjavik Open 2016"]
[Site "Reykjavik ISL"]
[Date "2016.03.10"]
[Round "4.1"]
[White "Shabalov, Alexander"]
[Black "Cheparinov, Ivan"]
[Result "1/2-1/2"]
[WhiteTitle "GM"]
[BlackTitle "GM"]
[WhiteElo "2520"]
[BlackElo "2684"]
[WhiteFideId "2008572"]
[BlackFideId "2905540"]
[EventDate "2016.03.08"]

1. Nf3 Nf6 2. g3 g6 3. Bg2 Bg7 4. O-O O-O 5. d4 d5 6. c4 dxc4 7. Na3 c3 8. bxc3
c5 9. Ne5 Nc6 10. Nac4 Nd5 11. Nxc6 bxc6 12. Bd2 Be6 13. Rc1 Rc8 14. dxc5 Nf6
15. Ne5 Ne4 16. Bf4 Bxe5 17. Bxe5 Nxc5 18. c4 Qxd1 19. Rfxd1 Nd7 20. Bf4 Nb6 21.
c5 Nd5 22. Bd2 Rb8 23. Rb1 f5 24. a4 Kf7 25. Kf1 Rfc8 26. Ke1 Ke8 27. Ba5 Kf7
28. Rdc1 Ke8 29. e3 Kf7 30. Bf1 Rg8 31. Ba6 g5 32. Bb7 h5 33. Bd2 h4 34. Ke2 Bd7
35. a5 hxg3 36. hxg3 Rh8 37. a6 g4 38. Ba5 Ke6 39. Rd1 Bc8 40. Rd3 Bxb7 41. axb7
Rhe8 42. Rd4 Kd7 43. e4 fxe4 44. Rxe4 Rg8 45. Kf1 Rg7 46. Ra4 a6 47. Rd4 e6 48.
Bc3 Re7 49. Bd2 Ke8 50. Ra1 Rbxb7 51. Rxa6 Ra7 52. Rxc6 Rac7 53. Ra6 Rxc5 54.
Rxg4 Kf7 55. Rh4 Nf6 56. Bb4 Rc1+ 57. Kg2 Rec7 58. Bd6 R1c6 59. Rxc6 Rxc6 60.
Be5 Rc5 61. Bd4 Rd5 62. Bc3 Rc5 63. Bd4 Rd5 64. Be3 Kg6 65. Ra4 Rb5 66. Ra6 Kf5
67. Ra8 Kg6 68. Ra7 Rd5 69. Re7 Rd6 70. Bc5 Rd5 71. Ba3 Kf5 72. Rf7 Kg6 73. Rf8
Rf5 74. Bb2 Ne4 75. Rg8+ Kf7 76. Rg7+ Kf8 77. f3 Rb5 78. Bd4 Rd5 79. Rg4 Rxd4
80. Rxe4 Rd2+ 81. Kh3 Kf7 82. Kh4 Kf6 83. g4 Rh2+ 84. Kg3 Ra2 85. Kf4 Ra1 86.
Rb4 Ra5 87. Ke4 1/2-1/2

[Event "Reykjavik Open 2016"]
[Site "Reykjavik ISL"]
[Date "2016.03.10"]
[Round "4.2"]
[White "Danielsen, Henrik"]
[Black "Jones, Gawain C B"]
[Result "0-1"]
[WhiteTitle "GM"]
[BlackTitle "GM"]
[WhiteElo "2488"]
[BlackElo "2645"]
[WhiteFideId "1400185"]
[BlackFideId "409561"]
[EventDate "2016.03.08"]

1. f4 g6 2. g3 Bg7 3. Bg2 c5 4. d3 Nc6 5. Nf3 Nf6 6. O-O O-O 7. Nc3 d6 8. Nh4
Rb8 9. a4 a6 10. f5 Nd4 11. e4 b5 12. axb5 axb5 13. fxg6 fxg6 14. Bg5 Bg4 15.
Qd2 b4 16. Nd1 Nh5 17. Rxf8+ Qxf8 18. Ra7 Ne2+ 19. Kh1 Nhxg3+ 20. hxg3 Nxg3+ 21.
Kg1 Ne2+ 22. Kh1 Ng3+ 23. Kg1 Bd4+ 24. Be3 Ne2+ 25. Kh1 Qf6 26. Qe1 Be5 0-1

[Event "Reykjavik Open 2016"]
[Site "Reykjavik ISL"]
[Date "2016.03.10"]
[Round "4.3"]
[White "Gupta, Abhijeet"]
[Black "Petrov, Nikita"]
[Result "1-0"]
[WhiteTitle "GM"]
[BlackTitle "IM"]
[WhiteElo "2634"]
[BlackElo "2464"]
[WhiteFideId "5010608"]
[BlackFideId "4101286"]
[EventDate "2016.03.08"]

1. d4 Nf6 2. c4 e6 3. Nf3 d5 4. g3 Bb4+ 5. Nbd2 dxc4 6. Bg2 O-O 7. Qc2 c5 8.
dxc5 Nc6 9. O-O Bxc5 10. Nxc4 Qe7 11. Nfe5 Nxe5 12. Nxe5 Qc7 13. Be3 Bb6 14.
Qxc7 Bxc7 15. Bd4 Rd8 16. Rac1 Ne8 17. Rfd1 f6 18. Nc4 Nd6 19. Ne3 Ne8 20. Nc4
Nd6 21. Na3 Bb8 22. Bc5 Nf7 23. Rxd8+ Nxd8 24. Be7 Nc6 25. Rxc6 bxc6 26. Bxc6 1-0

[Event "Reykjavik Open 2016"]
[Site "Reykjavik ISL"]
[Date "2016.03.10"]
[Round "4.4"]
[White "Lampert, Jonas"]
[Black "Rambaldi, Francesco"]
[Result "1/2-1/2"]
[WhiteTitle "IM"]
[BlackTitle "GM"]
[WhiteElo "2472"]
[BlackElo "2541"]
[WhiteFideId "1303759"]
[BlackFideId "20657307"]
[EventDate "2016.03.08"]

1. d4 Nf6 2. c4 e6 3. g3 Bb4+ 4. Bd2 Be7 5. Bg2 O-O 6. Qc2 c6 7. Nf3 b6 8. O-O
Bb7 9. Rd1 c5 10. Nc3 cxd4 11. Nxd4 Bxg2 12. Kxg2 Qc8 13. b3 Nc6 14. Nxc6 Qxc6+
15. Kg1 Rac8 16. Qd3 Rfd8 17. Nb5 Qa8 18. Nd6 Bxd6 19. Qxd6 Ne4 20. Qd4 d5 21.
cxd5 Qxd5 22. Qxd5 Rxd5 23. Rdc1 Rdc5 24. Rxc5 Rxc5 25. Bb4 Rc2 26. Rd1 h5 27.
f3 a5 28. fxe4 axb4 29. Kf2 Rxa2 30. Rd4 Ra5 31. Rxb4 b5 32. e5 g5 33. Ke3 Kg7
34. h3 f6 35. exf6+ Kxf6 36. Ke4 Ra2 37. Ke3 Ra5 38. Ke4 Ra2 39. Ke3 1/2-1/2

[Event "Reykjavik Open 2016"]
[Site "Reykjavik ISL"]
[Date "2016.03.10"]
[Round "4.5"]
[White "Mamedyarov, Shakhriyar"]
[Black "Sarkar, Justin"]
[Result "1-0"]
[WhiteTitle "GM"]
[BlackTitle "IM"]
[WhiteElo "2747"]
[BlackElo "2426"]
[WhiteFideId "13401319"]
[BlackFideId "2010011"]
[EventDate "2016.03.08"]

1. d4 Nf6 2. c4 g6 3. g3 Bg7 4. Bg2 d5 5. cxd5 Nxd5 6. Nf3 Nb6 7. Nc3 Nc6 8. e3
O-O 9. O-O Re8 10. a3 e5 11. d5 Na5 12. Qc2 c6 13. b4 Nac4 14. dxc6 bxc6 15. Ne4
Be6 16. Rb1 Bd5 17. Nc3 e4 18. Nd4 Bxd4 19. exd4 f5 20. a4 a5 21. Rd1 Qe7 22. b5
Rac8 23. bxc6 Rxc6 24. Rb5 Bf7 25. d5 Rd6 26. Qb3 Rc8 27. Bf4 Be8 28. Bf1 Bxb5
29. Nxb5 Rd7 30. d6 Qf7 31. Na3 Nxa3 32. Qxb6 Nc4 33. Qa6 Rdd8 34. d7 Rc5 35.
Rc1 1-0

[Event "Reykjavik Open 2016"]
[Site "Reykjavik ISL"]
[Date "2016.03.10"]
[Round "4.6"]
[White "Kjartansson, Gudmundur"]
[Black "Rapport, Richard"]
[Result "0-1"]
[WhiteTitle "IM"]
[BlackTitle "GM"]
[WhiteElo "2446"]
[BlackElo "2720"]
[WhiteFideId "2301318"]
[BlackFideId "738590"]
[EventDate "2016.03.08"]

1. d4 d5 2. c4 e6 3. Nc3 Nf6 4. cxd5 exd5 5. Bg5 c6 6. Qc2 Na6 7. a3 Nc7 8. e3
Ne6 9. Bh4 Be7 10. f3 O-O 11. Bd3 g6 12. Bf2 c5 13. Qd2 b6 14. Nge2 Bb7 15. h4
a6 16. g4 b5 17. Rg1 Rc8 18. Ng3 Ne8 19. g5 Nd6 20. f4 cxd4 21. exd4 Nc4 22.
Bxc4 dxc4 23. f5 Nc7 24. Nge4 Re8 25. O-O-O Bxe4 26. Nxe4 Nd5 27. Nc5 c3 28.
bxc3 Qa5 29. Rg3 Bd6 30. fxg6 fxg6 31. Qa2 Bxg3 32. Qxd5+ Kh8 33. Bxg3 Qxc3+ 34.
Kb1 Qxg3 35. Ne6 Qe3 36. Nc5 Qxa3 0-1

[Event "Reykjavik Open 2016"]
[Site "Reykjavik ISL"]
[Date "2016.03.10"]
[Round "4.7"]
[White "Sargissian, Gabriel"]
[Black "Korley, Kassa"]
[Result "1-0"]
[WhiteTitle "GM"]
[BlackTitle "IM"]
[WhiteElo "2702"]
[BlackElo "2412"]
[WhiteFideId "13300881"]
[BlackFideId "2033801"]
[EventDate "2016.03.08"]

1. c4 d6 2. Nc3 Nf6 3. d4 e5 4. Nf3 Nbd7 5. Bg5 Be7 6. e3 O-O 7. Qc2 h6 8. Bh4
exd4 9. Nxd4 Ne5 10. Be2 c6 11. Rd1 Ng6 12. Bg3 Re8 13. O-O Bf8 14. Rd2 Ne5 15.
Rfd1 Qa5 16. h3 a6 17. a3 Qc7 18. Nf3 Nfd7 19. Ne4 Nxf3+ 20. Bxf3 Ne5 21. Be2
Re6 22. Bxe5 Rxe5 23. Nxd6 Be6 24. Qc3 Rg5 25. f4 1-0

[Event "Reykjavik Open 2016"]
[Site "Reykjavik ISL"]
[Date "2016.03.10"]
[Round "4.8"]
[White "Melkumyan, Hrant"]
[Black "Holm, Kristian Stuvik"]
[Result "1-0"]
[WhiteTitle "GM"]
[BlackTitle "IM"]
[WhiteElo "2653"]
[BlackElo "2414"]
[WhiteFideId "13302485"]
[BlackFideId "1508083"]
[EventDate "2016.03.08"]

1. d4 Nf6 2. c4 g6 3. Nc3 d5 4. Nf3 Bg7 5. h4 c6 6. Bg5 O-O 7. Bxf6 Bxf6 8. h5
b5 9. hxg6 hxg6 10. cxb5 cxb5 11. Qd2 Bg7 12. Nxb5 Nc6 13. e3 Rb8 14. Be2 Bg4
15. Nc3 Bxf3 16. Bxf3 e5 17. dxe5 Nxe5 18. Be2 Nc4 19. Bxc4 dxc4 20. Rb1 Qa5 21.
O-O Rfd8 22. Qc2 Rd3 23. Rfc1 Bxc3 24. bxc3 Rxb1 25. Qxb1 Rxc3 26. Qb8+ Kh7 27.
Rf1 Qa3 28. Qf4 Rc1 29. Qxf7+ Kh6 30. Qf4+ Kh7 31. Qh4+ Kg8 32. Qd8+ Kh7 33.
Qc7+ Kg8 34. Qc8+ Kg7 35. Qd7+ Kg8 36. Qe6+ Kg7 37. Qe5+ Kh7 38. g4 Rxf1+ 39.
Kxf1 c3 40. Qc7+ Kh8 41. g5 Qc1+ 42. Kg2 c2 43. Qe5+ Kh7 44. Qe7+ Kg8 45. Qe6+
Kg7 46. Qf6+ Kh7 47. Qf7+ Kh8 48. Qf8+ Kh7 49. Qh6+ Kg8 50. Qxg6+ Kf8 51. Qf6+
Ke8 52. g6 Qd1 53. Qe6+ 1-0

[Event "Reykjavik Open 2016"]
[Site "Reykjavik ISL"]
[Date "2016.03.10"]
[Round "4.9"]
[White "Movsesian, Sergei"]
[Black "Thorfinnsson, Bjorn"]
[Result "1-0"]
[WhiteTitle "GM"]
[BlackTitle "IM"]
[WhiteElo "2653"]
[BlackElo "2410"]
[WhiteFideId "310204"]
[BlackFideId "2300982"]
[EventDate "2016.03.08"]

1. e4 e5 2. Nf3 Nc6 3. Bb5 d6 4. d4 exd4 5. Nxd4 Bd7 6. O-O Nxd4 7. Bxd7+ Qxd7
8. Qxd4 Ne7 9. Nc3 Nc6 10. Qe3 Be7 11. Nd5 O-O 12. Bd2 Rae8 13. Rae1 Bd8 14. Qb3
b6 15. Bc3 Ne7 16. Ne3 Kh8 17. Qc4 f5 18. exf5 Nxf5 19. Qg4 Re7 20. Nd5 Ref7 21.
Nf4 Bf6 22. Ne6 Re8 23. Nxc7 Rxe1 24. Rxe1 Bxc3 25. Re8+ Qxe8 26. Nxe8 Bxb2 27.
g3 Bd4 28. Nxd6 Bxf2+ 29. Kxf2 Nxd6+ 30. Kg2 Nf5 31. Qe4 g5 32. Qe5+ Kg8 33. Kh3
h6 34. Kg4 Ng7 35. a4 Kh7 36. Qe4+ Kg8 37. Qg6 Rc7 38. Qxh6 Rxc2 39. Kxg5 Rc5+
40. Kg4 Rc4+ 41. Kh3 Rxa4 42. Qc6 Ra5 43. g4 Kf7 44. Qf3+ Kg6 45. Kg3 Kh6 46. h4
Kg6 47. Qe4+ Kf7 48. Qb7+ Kg6 49. Qc6+ Kh7 50. Qe4+ Kg8 51. h5 1-0

[Event "Reykjavik Open 2016"]
[Site "Reykjavik ISL"]
[Date "2016.03.10"]
[Round "4.10"]
[White "Esserman, Marc"]
[Black "Beliavsky, Alexander G"]
[Result "1/2-1/2"]
[WhiteTitle "IM"]
[BlackTitle "GM"]
[WhiteElo "2458"]
[BlackElo "2630"]
[WhiteFideId "2018616"]
[BlackFideId "14602377"]
[EventDate "2016.03.08"]

1. e4 e5 2. Nf3 Nc6 3. Bb5 a6 4. Ba4 Nf6 5. O-O Be7 6. Re1 b5 7. Bb3 O-O 8. a4
b4 9. d3 d6 10. a5 Bg4 11. c3 bxc3 12. bxc3 Be6 13. Bxe6 fxe6 14. d4 Rb8 15. Qd3
Rb5 16. c4 Rxa5 17. Rxa5 Nxa5 18. d5 Nb7 19. Ba3 Nd7 20. dxe6 Ndc5 21. Qd5 Qc8
22. Bxc5 Nxc5 23. Qc6 Qxe6 24. Nc3 Bd8 25. Nd5 Qe8 26. Nb4 a5 27. Qd5+ Qe6 28.
Nc6 a4 29. Ra1 Qxd5 30. cxd5 Bf6 31. Nd2 Bg5 32. Nc4 Nxe4 33. Rxa4 Nxf2 34. Ra7
Nd1 35. h4 Bxh4 36. Rxc7 Nc3 37. Nxd6 Nxd5 38. Rd7 Nc3 39. Ne7+ Bxe7 40. Rxe7
Rd8 41. Nf5 g6 42. Nh6+ Kf8 43. Rxh7 Rd1+ 44. Kh2 Rd4 45. g3 Ne4 46. Rf7+ Ke8
47. Rg7 Rd6 48. Ng4 Kf8 49. Ra7 Rd5 50. Kg2 Ng5 51. Ra8+ Kg7 52. Ra7+ Nf7 53.
Kf3 Rb5 54. Ke4 Rb4+ 55. Kf3 Kf8 56. Nf6 Ng5+ 57. Ke2 Rd4 58. Nh7+ Nxh7 59. Rxh7
Ra4 60. Rb7 Ra3 61. Rb5 Rxg3 62. Rxe5 Kf7 63. Kf2 Kf6 1/2-1/2

[Event "Reykjavik Open 2016"]
[Site "Reykjavik ISL"]
[Date "2016.03.10"]
[Round "4.11"]
[White "Houska, Jovanka"]
[Black "Agdestein, Simen"]
[Result "0-1"]
[WhiteTitle "IM"]
[BlackTitle "GM"]
[WhiteElo "2387"]
[BlackElo "2610"]
[WhiteFideId "405094"]
[BlackFideId "1500015"]
[EventDate "2016.03.08"]

1. d4 Nf6 2. Nf3 e6 3. c4 b6 4. g3 Ba6 5. b3 d5 6. cxd5 exd5 7. Bg2 Bb4+ 8. Bd2
Bd6 9. O-O O-O 10. Nc3 Nbd7 11. Bf4 Bxf4 12. gxf4 c6 13. Re1 Rc8 14. Rc1 Re8 15.
e3 Nf8 16. Ne5 Ng6 17. b4 Bb7 18. Bh3 Rc7 19. Qf3 Ba6 20. Nxg6 hxg6 21. Bf1 Bxf1
22. Rxf1 Qd7 23. Rfd1 Rec8 24. a3 Ne8 25. Nb1 Nd6 26. Nd2 b5 27. Nb3 Nc4 28. Ra1
Qf5 29. Qe2 Re7 30. Re1 Rce8 31. a4 bxa4 32. Nd2 Nb6 33. Qf1 g5 34. fxg5 Qxg5+
35. Qg2 Qh6 36. Nf1 Qd6 37. Ng3 Re6 38. Reb1 Rg6 39. Kh1 Ree6 40. Ra2 Qf8 41.
Qf3 Ref6 42. Qe2 Rh6 43. Nh5 Rf5 44. Nf4 Qe7 45. Qf3 Kh7 46. Rg1 g6 47. Rc2 Nc4
48. b5 cxb5 49. Nxd5 Qh4 50. Qg2 Rxd5 0-1

[Event "Reykjavik Open 2016"]
[Site "Reykjavik ISL"]
[Date "2016.03.10"]
[Round "4.12"]
[White "Stefansson, Hannes"]
[Black "Hauge, Lars Oskar"]
[Result "1/2-1/2"]
[WhiteTitle "GM"]
[BlackTitle "FM"]
[WhiteElo "2600"]
[BlackElo "2393"]
[WhiteFideId "2300087"]
[BlackFideId "1509276"]
[EventDate "2016.03.08"]

1. e4 e6 2. d4 d5 3. Nc3 Bb4 4. e5 Ne7 5. a3 Bxc3+ 6. bxc3 c5 7. Qg4 cxd4 8. Bd3
Qa5 9. Ne2 O-O 10. Bg5 Ng6 11. Qg3 Nd7 12. f4 f6 13. exf6 Nxf6 14. Bxg6 hxg6 15.
Bxf6 Rxf6 16. Nxd4 Bd7 17. O-O Rc8 18. Rf3 g5 19. fxg5 Rxf3 20. Nxf3 Qxc3 21.
Rf1 Rf8 22. h3 Qxa3 23. Qc7 Be8 24. Re1 Bg6 25. Nd4 Qb4 26. c3 Qb2 27. Nxe6 Qf2+
28. Kh2 Rf7 29. Qd8+ Kh7 30. Re5 Rf3 31. Qc7 Qg3+ 32. Kg1 Qf2+ 33. Kh2 Qg3+ 34.
Kg1 Qf2+ 1/2-1/2

[Event "Reykjavik Open 2016"]
[Site "Reykjavik ISL"]
[Date "2016.03.10"]
[Round "4.13"]
[White "Vojinovic, Jovana"]
[Black "Grigoriants, Sergey"]
[Result "0-1"]
[WhiteTitle "WGM"]
[BlackTitle "GM"]
[WhiteElo "2366"]
[BlackElo "2587"]
[WhiteFideId "937266"]
[BlackFideId "4130804"]
[EventDate "2016.03.08"]

1. Nf3 g6 2. e4 Bg7 3. d4 d6 4. c4 Nf6 5. Nc3 O-O 6. Be2 e5 7. d5 a5 8. Be3 Na6
9. Nd2 Nd7 10. g4 Ndc5 11. h4 Bd7 12. a3 c6 13. Nb3 b6 14. h5 cxd5 15. Nxc5 Nxc5
16. cxd5 Bf6 17. Bc4 Rc8 18. Qf3 Bg5 19. Qh3 h6 20. hxg6 fxg6 21. Bxg5 Qxg5 22.
Qxh6 Qxh6 23. Rxh6 Kg7 24. g5 Rf4 25. f3 Rxf3 26. Rh4 Rg3 27. O-O-O Rxg5 28. Be2
Rh8 29. Rxh8 Kxh8 30. b4 Nb3+ 31. Kb2 Nd4 32. bxa5 bxa5 33. Rh1+ Kg7 34. Rh2 Rg3
35. a4 g5 36. Bb5 Bh3 37. Bc6 Rg2+ 38. Rxg2 Bxg2 39. Nb5 g4 40. Nxd6 g3 41. Nc4
Bxe4 42. Ne3 g2 43. Nxg2 Bxg2 44. Ba8 Kf6 45. Kc3 Bf1 0-1

[Event "Reykjavik Open 2016"]
[Site "Reykjavik ISL"]
[Date "2016.03.10"]
[Round "4.14"]
[White "Brunello, Sabino"]
[Black "Mihajlov, Sebastian"]
[Result "1-0"]
[WhiteTitle "GM"]
[BlackTitle "FM"]
[WhiteElo "2567"]
[BlackElo "2387"]
[WhiteFideId "813613"]
[BlackFideId "1512110"]
[EventDate "2016.03.08"]

1. d4 d5 2. c4 c6 3. Nf3 Nf6 4. Nbd2 e6 5. e3 c5 6. b3 Nc6 7. Bb2 cxd4 8. exd4
Bd6 9. Bd3 O-O 10. O-O b6 11. Qe2 Bb7 12. Rad1 Ne7 13. Ne5 Ng6 14. f4 Bb4 15.
Qe3 Nh4 16. Qh3 Ne4 17. Ndf3 Nxf3+ 18. gxf3 Nf6 19. Kh1 g6 20. Rg1 Re8 21. Rg5
Bf8 22. c5 Rc8 23. b4 Rc7 24. b5 Bg7 25. c6 Bc8 26. Ba3 Bf8 27. Bxf8 Rxf8 28.
Qh6 Ne8 29. Rh5 f5 30. Rg1 Rf6 31. Rxg6+ Rxg6 32. Nxg6 Rg7 33. Ne5 Qe7 34. Rg5
Qb4 35. Qh5 Qe7 36. Kg2 Kf8 37. Kf2 Nf6 38. Qh6 Ng8 39. Nd7+ Bxd7 40. Qxg7+ 1-0

[Event "Reykjavik Open 2016"]
[Site "Reykjavik ISL"]
[Date "2016.03.10"]
[Round "4.15"]
[White "Tari, Aryan"]
[Black "Tania, Sachdev"]
[Result "1/2-1/2"]
[WhiteTitle "IM"]
[BlackTitle "IM"]
[WhiteElo "2553"]
[BlackElo "2370"]
[WhiteFideId "1510045"]
[BlackFideId "5007844"]
[EventDate "2016.03.08"]

1. e4 e5 2. Nf3 Nc6 3. Bb5 a6 4. Ba4 Nf6 5. O-O Be7 6. d3 b5 7. Bb3 O-O 8. a4
Bb7 9. Re1 d6 10. Nbd2 Na5 11. Ba2 c5 12. Nf1 Bc8 13. Bg5 Be6 14. Ne3 Nc6 15. c3
Rb8 16. Nd5 b4 17. Qc2 Bxd5 18. exd5 Na5 19. cxb4 cxb4 20. Bc4 Nxc4 21. Qxc4 Qa5
22. d4 Qxd5 23. Qxd5 Nxd5 24. Bxe7 Nxe7 25. dxe5 dxe5 26. Nxe5 Rfe8 27. Kf1 f6
28. Nc4 Nc6 29. Rxe8+ Rxe8 30. Rd1 Ne5 31. Re1 Kf8 32. Nxe5 fxe5 33. Re4 a5 34.
Rc4 Rd8 35. Ke2 Rd5 36. Rc7 e4 37. Rc2 Rd4 38. Ke3 Rd1 39. Kxe4 Ra1 40. Kd5 Rxa4
41. Ke6 g6 42. Kf6 Ke8 43. Re2+ Kd7 44. b3 Ra3 45. Rb2 Kc6 46. Kg7 Kb5 47. f4
Rxb3 48. Rxb3 a4 49. Re3 a3 50. Re5+ Ka4 51. Re8 b3 52. Kxh7 a2 53. Ra8+ Kb4 54.
g4 b2 55. Rxa2 b1=Q 56. Ra6 Qc2 57. g5 Qc7+ 58. Kxg6 Qxf4 59. Rf6 1/2-1/2

[Event "Reykjavik Open 2016"]
[Site "Reykjavik ISL"]
[Date "2016.03.10"]
[Round "4.16"]
[White "Bromberger, Stefan"]
[Black "Gislason, Gudmundur"]
[Result "1/2-1/2"]
[WhiteTitle "GM"]
[BlackTitle "FM"]
[WhiteElo "2532"]
[BlackElo "2338"]
[WhiteFideId "4635248"]
[BlackFideId "2300559"]
[EventDate "2016.03.08"]

1. d4 Nf6 2. c4 g6 3. f3 d5 4. cxd5 Nxd5 5. e4 Nb6 6. Nc3 Bg7 7. Be3 O-O 8. Qd2
Nc6 9. O-O-O e5 10. d5 Nd4 11. f4 Bg4 12. Re1 c5 13. fxe5 Bxe5 14. h3 Bd7 15.
Nf3 Nxf3 16. gxf3 Re8 17. Kb1 Qf6 18. Be2 Bxc3 19. bxc3 Na4 20. Rc1 b5 21. Bg5
Qh8 22. Bd1 Nb6 23. Qf4 Qe5 24. Qxe5 Rxe5 25. Bf6 Ree8 26. h4 a5 27. h5 Ra6 28.
hxg6 fxg6 29. Bh4 Nc4 30. Bf2 Rc8 31. Be2 Ne5 32. Bg3 Re8 33. Kc2 Rf6 34. f4 Nc4
35. Bf3 b4 36. Kd3 Nb2+ 37. Ke3 Nc4+ 38. Kf2 Nd2 39. cxb4 axb4 40. e5 Ra6 41. e6
Bc8 42. f5 Rxa2 43. f6 Ne4+ 44. Kg1 Nxf6 45. Be5 Ra3 46. Kg2 Rxf3 47. Kxf3 Bb7
48. Bxf6 Bxd5+ 49. Kf4 Bxh1 50. Ke5 Bf3 51. Rxc5 Bg4 52. e7 b3 53. Rb5 Bd1 54.
Ke6 Bg4+ 55. Ke5 Bd1 56. Ke6 Bc2 57. Be5 Bf5+ 58. Kf6 Rc8 59. Bc7 Re8 60. Rxb3
Bd7 61. Be5 Ba4 62. Rb4 Bd7 63. Rd4 Bb5 64. Ke6 Ba6 65. Rd8 Bb5 66. Kf6 Ba4 67.
Bf4 Bb5 68. Bh6 Ba4 69. Rd4 Bb3 70. Bg5 Bc2 71. Bh6 Bb3 72. Rf4 Rc8 73. Rb4 Bf7
74. Rb6 Be8 75. Rd6 Rc6 76. Rxc6 1/2-1/2

[Event "Reykjavik Open 2016"]
[Site "Reykjavik ISL"]
[Date "2016.03.10"]
[Round "4.17"]
[White "Di Berardino, Diego Rafael"]
[Black "Brunello, Marina"]
[Result "1-0"]
[WhiteTitle "IM"]
[BlackTitle "FM"]
[WhiteElo "2511"]
[BlackElo "2363"]
[WhiteFideId "2105446"]
[BlackFideId "822590"]
[EventDate "2016.03.08"]

1. e4 c5 2. Nf3 d6 3. d4 cxd4 4. Nxd4 Nf6 5. Nc3 a6 6. Be2 e5 7. Nb3 Be7 8. Be3
Be6 9. Nd5 Nxd5 10. exd5 Bf5 11. O-O O-O 12. a4 a5 13. Bd3 Bg6 14. Bxg6 hxg6 15.
Nd2 Nd7 16. Nc4 Qc7 17. b3 f5 18. f3 Nc5 19. Na3 Rfc8 20. Nb5 Qd7 21. Qe2 Bf6
22. Rad1 Qe7 23. Kh1 Ra6 24. Rfe1 Bh4 25. g3 Bf6 26. Bc1 Re8 27. Ba3 Rc8 28. Qf2
Qd7 29. Re3 Bd8 30. Rc3 Bb6 31. Qe2 Raa8 32. Rc4 Rf8 33. Qd2 Rfe8 34. Re1 Rf8
35. Kg2 Qd8 36. f4 Ne4 37. Qc1 exf4 38. Qxf4 g5 39. Qc1 Qf6 40. Bb2 Qf7 41. Qd1
Nf2 42. Qd2 f4 43. Qc3 Qxd5+ 44. Qf3 Qxf3+ 45. Kxf3 g4+ 46. Kg2 f3+ 47. Kf1 d5
48. Re7 Rf5 49. Rxg7+ Kf8 50. Nd6 dxc4 51. Nxf5 Ne4 52. Ba3+ Bc5 53. Bxc5+ Nxc5
54. Rxg4 cxb3 55. cxb3 Nxb3 56. Kf2 b5 57. axb5 Rb8 58. Rc4 Kg8 59. Nd6 Rf8 60.
b6 Nd2 61. Rc2 1-0

[Event "Reykjavik Open 2016"]
[Site "Reykjavik ISL"]
[Date "2016.03.10"]
[Round "4.18"]
[White "Abrahamyan, Tatev"]
[Black "Andersen, Mads"]
[Result "1/2-1/2"]
[WhiteTitle "WGM"]
[BlackTitle "IM"]
[WhiteElo "2324"]
[BlackElo "2479"]
[WhiteFideId "13301918"]
[BlackFideId "1413864"]
[EventDate "2016.03.08"]

1. e4 e5 2. Nf3 Nc6 3. Bb5 a6 4. Ba4 Nf6 5. d3 d6 6. c3 g6 7. O-O Bg7 8. Nbd2
O-O 9. Re1 Re8 10. h3 h6 11. Nf1 b5 12. Bc2 Bb7 13. Ng3 Nb8 14. d4 Nbd7 15. a4
c5 16. d5 c4 17. Be3 Qc7 18. Qd2 Kh7 19. Reb1 Nc5 20. Qe2 Nfd7 21. Nd2 Nb6 22.
axb5 axb5 23. b3 cxb3 24. Bxb3 Ba6 25. Qd1 Rec8 26. Ra3 Bb7 27. Rba1 Rxa3 28.
Rxa3 Nca4 29. Ne2 h5 30. Qa1 Bh6 31. Bxh6 Kxh6 32. c4 Ba6 33. cxb5 Bxb5 34. Bxa4
Nxa4 35. Rxa4 Bxa4 36. Qxa4 Qc2 37. Qa6 Qd1+ 38. Nf1 Rc2 39. Qxd6 Qxe2 40. Qf8+
Kg5 41. Qxf7 Rc1 42. Qe7+ Kh6 43. Qf8+ Kh7 44. Qf7+ 1/2-1/2

[Event "Reykjavik Open 2016"]
[Site "Reykjavik ISL"]
[Date "2016.03.10"]
[Round "4.19"]
[White "Hoogland, Mike"]
[Black "Kristjansson, Stefan"]
[Result "0-1"]
[BlackTitle "GM"]
[WhiteElo "2087"]
[BlackElo "2478"]
[WhiteFideId "1025350"]
[BlackFideId "2301172"]
[EventDate "2016.03.08"]

1. d4 e6 2. c4 b6 3. Nf3 Bb7 4. e3 Bb4+ 5. Bd2 Qe7 6. Be2 Nf6 7. O-O c5 8. Bxb4
cxb4 9. a3 O-O 10. axb4 Qxb4 11. Qd2 Nc6 12. Rc1 Rfc8 13. Qxb4 Nxb4 14. Nc3 Ne4
15. Nxe4 Bxe4 16. Nd2 Bg6 17. Bf3 d5 18. cxd5 exd5 19. Rc3 a5 20. Bg4 Rxc3 21.
bxc3 Nc2 22. Ra2 b5 23. Bf3 a4 24. Bxd5 Rc8 25. Rb2 Bd3 26. Be4 a3 27. Ra2 Bxe4
28. Nxe4 b4 29. cxb4 Nxb4 30. Ra1 Rc2 31. g3 a2 32. g4 Nd5 33. Kf1 Rb2 34. Kg2
Nxe3+ 0-1

[Event "Reykjavik Open 2016"]
[Site "Reykjavik ISL"]
[Date "2016.03.10"]
[Round "4.20"]
[White "Papp, Petra"]
[Black "Dvirnyy, Danyyil"]
[Result "0-1"]
[WhiteTitle "WGM"]
[BlackTitle "GM"]
[WhiteElo "2325"]
[BlackElo "2572"]
[WhiteFideId "739049"]
[BlackFideId "817570"]
[EventDate "2016.03.08"]

1. e4 c6 2. d4 d5 3. Nd2 dxe4 4. Nxe4 Bf5 5. Ng3 Bg6 6. h4 h6 7. Nf3 e6 8. Ne5
Bh7 9. Bd3 Bxd3 10. Qxd3 Nd7 11. f4 Bb4+ 12. c3 Bd6 13. Bd2 Ngf6 14. O-O-O O-O
15. Qf3 Qa5 16. Kb1 Qd5 17. Qe2 b5 18. Rhe1 Rfd8 19. Bc1 Bf8 20. Nf1 h5 21. Nh2
a6 22. Nhf3 Ng4 23. Ka1 Ndxe5 24. Nxe5 Nf6 25. Rg1 c5 26. g4 hxg4 27. Nxg4 Nxg4
28. Rxg4 cxd4 29. cxd4 Rac8 30. b3 Rc3 31. Rdg1 Qf3 32. Qe1 Rdc8 33. Bd2 R3c7
34. h5 Qd5 35. Be3 Qxh5 36. Rh4 Qf5 37. Rgh1 f6 38. Rh5 Qd3 39. Rh8+ Kf7 40. f5
exf5 41. d5 Qc3+ 42. Qxc3 Rxc3 43. Bf4 Rd3 44. d6 Rd4 45. Rf1 Re8 0-1

[Event "Reykjavik Open 2016"]
[Site "Reykjavik ISL"]
[Date "2016.03.10"]
[Round "4.21"]
[White "Adocchio, Giampiero"]
[Black "Grandelius, Nils"]
[Result "0-1"]
[BlackTitle "GM"]
[WhiteElo "2174"]
[BlackElo "2646"]
[WhiteFideId "4666011"]
[BlackFideId "1710400"]
[EventDate "2016.03.08"]

1. e4 c5 2. Nf3 e6 3. g3 Nc6 4. Bg2 Nf6 5. Qe2 e5 6. c3 Be7 7. O-O O-O 8. Rd1 d5
9. exd5 Qxd5 10. d4 e4 11. Ng5 Bg4 12. f3 exf3 13. Bxf3 Bxf3 14. Nxf3 Rfe8 15.
c4 Qh5 16. d5 Bd6 17. Qf1 Nd4 0-1